Hệ thống kế toán Việt Nam hướng dẫn thực hành chế độ kế toán doanh nghiệp: Hướng dẫn ghi sổ kế toán theo các hình thức kế toán, bài tập và phương pháp lâp[j báo cáo tài chính 2012
v..v
Đã lưu trong:
| Tác giả chính: | |
|---|---|
| Định dạng: | Sách |
| Năm xuất bản: |
H.
Tài chính
2012
|
| Chủ đề: | |
| Tags: |
Thêm thẻ
Không có thẻ, Hãy là người đầu tiên gắn thẻ bản ghi này!
|
| LEADER | 00814nam a2200193 4500 | ||
|---|---|---|---|
| 082 | |a 657.9 |b PH104H | ||
| 100 | |a Phạm Huy Đoán | ||
| 245 | |a Hệ thống kế toán Việt Nam hướng dẫn thực hành chế độ kế toán doanh nghiệp: Hướng dẫn ghi sổ kế toán theo các hình thức kế toán, bài tập và phương pháp lâp[j báo cáo tài chính 2012 |c Phạm Huy Đoán | ||
| 260 | |a H. |b Tài chính |c 2012 | ||
| 300 | |a 720 tr |c 27 cm | ||
| 520 | |a v..v | ||
| 653 | |a Kế toán | ||
| 653 | |a Kế toán doanh nghiệp | ||
| 653 | |a Việt Nam | ||
| 653 | |a Hệ thống | ||
| 653 | |a Thực hành | ||
| 942 | |2 ddc |c SH | ||
| 999 | |c 7518 |d 7518 | ||
| 952 | |0 0 |1 0 |2 ddc |4 0 |6 657_900000000000000_PH104H |7 0 |8 600 |9 67926 |a qbu |b qbu |c D3 |d 2015-02-13 |g 350000 |o 657.9 PH104H |p 7117.c1 |r 0000-00-00 |w 2015-02-13 |y SH | ||